[Event "Eastern Asia-ch U20 Girls"]
[Site "Kota Kinabalu"]
[Date "2023.12.08"]
[Round "9"]
[White "Liuviann, Cecilia Natalie"]
[Black "Chua, Jia Tien"]
[Result "0-1"]
[WhiteElo "1813"]
[BlackElo "1858"]
[PlyCount "166"]
[EventDate "2023.12.02"]
[EventType "swiss"]
[EventRounds "9"]
[EventCountry "MAS"]
[SourceTitle "CB50_2023"]
[SourceDate "2023.12.13"]
[SourceVersion "1"]
[SourceVersionDate "2023.12.13"]
[SourceQuality "1"]

1. e4 c5 2. Nf3 d6 3. d4 cxd4 4. Nxd4 Nf6 5. Nc3 a6 6. Bg5 Nbd7 7. f4 Qc7 8. Qf3 h6 9. Bxf6 Nxf6 10. h3 e5 11. Nb3 Be7 12. fxe5 dxe5 13. Bd3 Bb4 14. 0-0 Bxc3 15. bxc3 Be6 16. Nd2 0-0 17. c4 Nd7 18. Qh5 Rae8 19. Rf3 Nb6 20. Rg3 Kh8 21. Rf1 Bxc4 22. Nxc4 Nxc4 23. Rf6 Re6 24. Qg4 Rg8 25. Rxe6 fxe6 26. Kh2 Na5 27. Qxe6 Nc6 28. Bc4 Rf8 29. Qg6 Qe7 30. c3 Qf6 31. Qg4 Kh7 32. Be6 g6 33. Bb3 h5 34. Qd7+ Qe7 35. Qd5 Rd8 36. Qc4 Na5 37. Qf7+ Qxf7 38. Bxf7 Rd6 39. Rg5 Nc6 40. Bd5 Kg7 41. h4 b5 42. Rg3 Nd8 43. Rf3 Rf6 44. Kg3 Rb6 45. Rd3 Rd6 46. Rf3 Rb6 47. Kf2 a5 48. Ke2 Rf6 49. Rd3 Ne6 50. Bxe6 Rxe6 51. Rd7+ Kf6 52. Rb7 b4 53. c4 Rc6 54. Kd3 Rd6+ 55. Ke3 Rc6 56. Kd3 Rd6+ 57. Kc2 Rd4 58. Kb3 Rd3+ 59. Kb2 Rd2+ 60. Kb1 Rd4 61. Rb6+ Kf7 62. Rb7+ Kf6 63. Rb6+ Kf7 64. c5 Rxe4 65. c6 Rc4 66. Rb5 Kf6 67. Rxa5 Rxc6 68. Ra8 e4 69. Re8 Re6 70. Rf8+ Ke5 71. Kc2 Kd4 72. Kd2 e3+ 73. Ke2 Kc3 74. Rb8 Ra6 75. Rc8+ Kb2 76. Kxe3 Kxa2 77. Rc2+ Kb1 78. Rf2 b3 79. Kd3 b2 80. Kc3 Rc6+ 81. Kb3 Rb6+ 82. Ka3 Ka1 83. g4 b1Q 0-1

[Event "Eastern Asia-ch U20 Girls"]
[Site "Kota Kinabalu"]
[Date "2023.12.03"]
[Round "2"]
[White "Altantuya, Boldbaatar"]
[Black "Liuviann, Cecilia Natalie"]
[Result "1-0"]
[WhiteElo "2115"]
[BlackElo "1813"]
[PlyCount "59"]
[EventDate "2023.12.02"]
[EventType "swiss"]
[EventRounds "9"]
[EventCountry "MAS"]
[SourceTitle "CB50_2023"]
[SourceDate "2023.12.13"]
[SourceVersion "1"]
[SourceVersionDate "2023.12.13"]
[SourceQuality "1"]

1. d4 Nf6 2. c4 g6 3. Nf3 Bg7 4. g3 0-0 5. Bg2 d5 6. cxd5 Nxd5 7. e4 Nb6 8. 0-0 Nc6 9. d5 Na5 10. Qe1 Nac4 11. Nc3 e6 12. b3 Nd6 13. e5 Nf5 14. dxe6 Bxe6 15. Ba3 Re8 16. Rd1 Qb8 17. Ng5 Bd7 18. f4 a5 19. g4 Nh6 20. h3 Qc8 21. Qh4 a4 22. Nce4 Bxg4 23. hxg4 Qxg4 24. Qxh6 Bxh6 25. Nf6+ Kg7 26. Nxg4 axb3 27. Bc5 Na4 28. Rd7 Bxg5 29. fxg5 Nxc5 30. Rfxf7+ 1-0

[Event "Eastern Asia-ch U20 Girls"]
[Site "Kota Kinabalu"]
[Date "2023.12.03"]
[Round "3"]
[White "Liuviann, Cecilia Natalie"]
[Black "Lu, Jie Xin"]
[Result "1-0"]
[WhiteElo "1813"]
[BlackElo "1083"]
[PlyCount "83"]
[EventDate "2023.12.02"]
[EventType "swiss"]
[EventRounds "9"]
[EventCountry "MAS"]
[SourceTitle "CB50_2023"]
[SourceDate "2023.12.13"]
[SourceVersion "1"]
[SourceVersionDate "2023.12.13"]
[SourceQuality "1"]

1. e4 e6 2. d4 d5 3. Nd2 c5 4. exd5 Qxd5 5. Ngf3 cxd4 6. Bc4 Qd7 7. 0-0 Nf6 8. Nb3 Nc6 9. Nbxd4 Nxd4 10. Nxd4 a6 11. a4 Qc7 12. b3 Bd6 13. Nf3 0-0 14. Bb2 b6 15. Bxf6 gxf6 16. Qd4 e5 17. Qh4 Kg7 18. Bd3 f5 19. Qg5+ Kh8 20. Bxf5 Rg8 21. Qf6+ Rg7 22. Be4 Bh3 23. Bxa8 Bxg2 24. Qxg7+ Kxg7 25. Kxg2 Qxc2 26. Rad1 Qg6+ 27. Kh1 e4 28. Rg1 exf3 29. Rxg6+ fxg6 30. Rxd6 b5 31. Rxa6 bxa4 32. Rxa4 h5 33. b4 Kh6 34. b5 g5 35. Ra6+ Kg7 36. b6 Kf6 37. b7+ Ke5 38. b8Q+ Kd4 39. Qd6+ Kc3 40. Rc6+ Kb3 41. Qb8+ Ka4 42. Ra6# 1-0

[Event "Eastern Asia-ch U16-18 Girls 7th"]
[Site "Hainan"]
[Date "2023.08.09"]
[Round "7"]
[White "Vu, Bui Thi Thanh Van"]
[Black "Liuviann, Cecilia Natalie"]
[Result "0-1"]
[WhiteElo "1876"]
[BlackElo "1841"]
[PlyCount "174"]
[EventDate "2023.08.04"]
[EventType "swiss"]
[EventRounds "9"]
[EventCountry "CHN"]
[SourceTitle "EXT 2024"]
[Source "ChessBase"]
[SourceDate "2023.10.10"]
[SourceVersion "1"]
[SourceVersionDate "2023.10.10"]
[SourceQuality "1"]

1. d4 Nf6 2. c4 g6 3. Nc3 d5 4. Bg5 Ne4 5. Bf4 Nxc3 6. bxc3 dxc4 7. e3 Bg7 8. Nf3 0-0 9. Bxc4 c5 10. 0-0 Nc6 11. Rb1 Na5 12. Bd3 Be6 13. Qe2 Rc8 14. Rfc1 Bg4 15. Be4 b6 16. h3 Be6 17. Bd3 cxd4 18. cxd4 Qd5 19. a4 Qa2 20. Bb5 Qxe2 21. Bxe2 Nb3 22. Rxc8 Rxc8 23. Ng5 Bd5 24. Rb2 Na5 25. Bb5 Bb3 26. Ne4 h6 27. Nd2 Be6 28. Kf1 g5 29. Bg3 f5 30. Nf3 Rc1+ 31. Ke2 Bc4+ 32. Kd2 Ra1 33. Kc3 Bd5 34. Bb8 a6 35. Bxa6 Rxa4 36. Bd3 Ra3+ 37. Kc2 Nc6 38. Bc7 e6 39. Bb5 Be4+ 40. Kd2 Na5 41. Bxb6 Nb3+ 42. Ke2 Nc1+ 43. Kd1 Ra1 44. Kd2 Bd5 45. Rc2 Nb3+ 46. Kc3 Rb1 47. Bc4 Na1 48. Bxd5 Nxc2 49. Bxe6+ Kh8 50. Kxc2 Rxb6 51. Bxf5 Kg8 52. Kd3 Kf7 53. Nd2 Rb4 54. g4 Ke7 55. Nc4 Rb1 56. Be4 Rd1+ 57. Ke2 Rc1 58. Kd3 Rd1+ 59. Nd2 Kd8 60. Bf3 Ra1 61. Bd5 Kc7 62. e4 Rh1 63. e5 Rxh3+ 64. Ke4 Rh2 65. Ke3 Rh3+ 66. f3 h5 67. gxh5 g4 68. Ke2 Rh2+ 69. Ke1 g3 70. f4 Bh6 71. Nf3 Rh1+ 72. Ke2 Bxf4 73. Ne1 Rxh5 74. Kf3 Bd2 75. Ng2 Bc3 76. Ke3 Rf5 77. Kd3 Bb2 78. Be4 Rf2 79. Ke3 Kd7 80. Bd5 Bc1+ 81. Kd3 Rd2+ 82. Kc3 Rd1 83. Bb3 Bb2+ 84. Kxb2 Rd2+ 85. Kc3 Rxg2 86. Kd3 Rb2 87. Bd5 g2 0-1

[Event "Eastern Asia-ch U14 Girls 4th"]
[Site "Bangkok"]
[Date "2019.08.06"]
[Round "7.2"]
[White "Haw, Zi Xuan"]
[Black "Liuviann, Cecilia Natalie"]
[Result "0-1"]
[WhiteElo "1558"]
[BlackElo "1718"]
[PlyCount "124"]
[EventDate "2019.08.02"]
[EventType "swiss"]
[EventRounds "9"]
[EventCountry "THA"]
[SourceTitle "EXT 2024"]
[Source "ChessBase"]
[SourceDate "2023.10.10"]
[SourceVersion "1"]
[SourceVersionDate "2023.10.10"]
[SourceQuality "1"]

1. d4 Nf6 2. c4 g6 3. Nf3 Bg7 4. g3 0-0 5. Bg2 d5 6. 0-0 dxc4 7. Na3 c3 8. bxc3 c5 9. Nc4 cxd4 10. cxd4 Nc6 11. e3 Bf5 12. Ba3 Rc8 13. Rc1 Be4 14. Ncd2 Bd5 15. Nb3 Re8 16. Re1 Bh6 17. Ra1 Na5 18. Nbd2 Ne4 19. Nxe4 Bxe4 20. Rc1 Nc4 21. Ne5 Bxg2 22. Kxg2 Nxe5 23. dxe5 Rxc1 24. Qxd8 Rxd8 25. Rxc1 Rd7 26. Rc8+ Bf8 27. Bb2 Rd2 28. Bd4 Rxa2 29. Rb8 b6 30. Ra8 Ra5 31. Bc3 Ra4 32. Bd4 Ra5 33. Bc3 Rc5 34. Bb2 Rc7 35. e4 b5 36. Bd4 Rc4 37. Bxa7 Ra4 38. f4 b4 39. Rb8 Rxa7 40. Rxb4 e6 41. Rb6 Ra4 42. Kf3 Ra3+ 43. Kg4 Re3 44. Kg5 Kg7 45. f5 gxf5 46. exf5 Rxe5 47. g4 Bc5 48. Rb3 Be3+ 49. Kh4 exf5 50. gxf5 h6 51. Kg4 Bg5 52. h4 Re4+ 53. Kf3 Rxh4 54. Rb5 Rf4+ 55. Kg3 Re4 56. Kf3 Ra4 57. Kg3 Bf6 58. Rb1 Be5+ 59. Kh3 Rf4 60. Rg1+ Kf6 61. Rg4 Kxf5 62. Rxf4+ Kxf4 0-1

[Event "Eastern Asia-ch U14 Girls 4th"]
[Site "Bangkok"]
[Date "2019.08.06"]
[Round "6.2"]
[White "Liuviann, Cecilia Natalie"]
[Black "Mak, Xiu Ning Charlene"]
[Result "1-0"]
[WhiteElo "1718"]
[BlackElo "1447"]
[PlyCount "73"]
[EventDate "2019.08.02"]
[EventType "swiss"]
[EventRounds "9"]
[EventCountry "THA"]
[SourceTitle "EXT 2024"]
[Source "ChessBase"]
[SourceDate "2023.10.10"]
[SourceVersion "1"]
[SourceVersionDate "2023.10.10"]
[SourceQuality "1"]

1. e4 c5 2. Nf3 Nc6 3. Bb5 g6 4. 0-0 Bg7 5. c3 Nf6 6. Re1 0-0 7. d4 cxd4 8. cxd4 d5 9. e5 Ne4 10. Bd3 Bg4 11. h3 Bf5 12. Be3 f6 13. exf6 Bxf6 14. Nc3 Re8 15. Rc1 Rc8 16. Nxd5 Bg7 17. g4 Nxf2 18. Bxf2 Bxd3 19. Nxe7+ Rxe7 20. Qxd3 Rd7 21. Rcd1 Qf6 22. Qb3+ Kh8 23. Re6 Qf4 24. Rde1 Rf8 25. Re8 Nxd4 26. Rxf8+ Qxf8 27. Bxd4 Bxd4+ 28. Nxd4 Rxd4 29. Qc3 Qf6 30. Rf1 Qg7 31. Qc8+ Qg8 32. Rf8 Rd1+ 33. Kf2 Rd2+ 34. Ke1 Rd8 35. Qxd8 Kg7 36. Rxg8+ Kh6 37. Qh4# 1-0

[Event "Penang op-B 9th"]
[Site "Penang"]
[Date "2017.12.06"]
[Round "4"]
[White "Fariha, Mariroh"]
[Black "Liuviann, Cecilia Natalie"]
[Result "0-1"]
[WhiteElo "1851"]
[BlackElo "1632"]
[PlyCount "130"]
[EventDate "2017.12.04"]
[EventType "swiss"]
[EventRounds "9"]
[EventCountry "MAS"]
[SourceTitle "CBM 182 Extra"]
[Source "ChessBase"]
[SourceDate "2018.02.23"]
[SourceVersion "1"]
[SourceVersionDate "2018.02.23"]
[SourceQuality "1"]

1. e4 c5 2. Nf3 d6 3. d4 cxd4 4. Nxd4 Nf6 5. Nc3 a6 6. Bg5 e6 7. f4 Be7 8. Qf3 Nc6 9. 0-0-0 Qc7 10. g4 Bd7 11. Bg2 Rc8 12. Nxc6 Bxc6 13. Bxf6 Bxf6 14. g5 Be7 15. Rd2 b5 16. h4 b4 17. Ne2 Qa5 18. Qb3 Ba4 19. Qe3 Bb5 20. Kb1 Bc4 21. Nc1 Qc7 22. Bf1 a5 23. Qd4 e5 24. fxe5 dxe5 25. Qxc4 Qxc4 26. Bxc4 Rxc4 27. Re2 h6 28. Nd3 Bd6 29. gxh6 Rxh6 30. Kc1 Ke7 31. Kd2 Rg6 32. Ke3 Rg4 33. Kf3 f5 34. exf5 Kf6 35. Ne1 Rcf4+ 36. Ke3 Kxf5 37. h5 Rg3+ 38. Kd2 Rd4+ 39. Kc1 e4 40. Ng2 Bf4+ 41. Nxf4 Kxf4 42. Rd2 Rxd2 43. Kxd2 Rg2+ 44. Kd1 e3 45. h6 gxh6 46. Rxh6 Rd2+ 47. Kc1 Rd5 48. c4 bxc3 49. bxc3 e2 50. Rh1 Kf3 51. c4 Rd8 52. Kc2 Kg2 53. Rc1 Kf2 54. a4 e1Q 55. Rxe1 Kxe1 56. Kc3 Ke2 57. c5 Ke3 58. Kc4 Ke4 59. c6 Rc8 60. Kc5 Ke5 61. Kb6 Kd6 62. c7 Rxc7 63. Kxa5 Kc5 64. Ka6 Re7 65. a5 Re6+ 0-1

[Event "Penang op-B 9th"]
[Site "Penang"]
[Date "2017.12.05"]
[Round "2"]
[White "Liuviann, Cecilia Natalie"]
[Black "Seow, Chun Hong Ryan"]
[Result "1-0"]
[WhiteElo "1632"]
[BlackElo "1259"]
[PlyCount "83"]
[EventDate "2017.12.04"]
[EventType "swiss"]
[EventRounds "9"]
[EventCountry "MAS"]
[SourceTitle "CBM 182 Extra"]
[Source "ChessBase"]
[SourceDate "2018.02.23"]
[SourceVersion "1"]
[SourceVersionDate "2018.02.23"]
[SourceQuality "1"]

1. e4 e5 2. Nf3 Nc6 3. Bb5 Nf6 4. 0-0 d6 5. Re1 a6 6. Ba4 b5 7. Bb3 Be7 8. c3 0-0 9. h3 Na5 10. Bc2 Bb7 11. d4 exd4 12. cxd4 c5 13. Nbd2 Rc8 14. Nf1 Qc7 15. Ng3 Nc6 16. d5 Nb4 17. Bb1 a5 18. a3 Na6 19. Nf5 Rfe8 20. g4 g6 21. Nh6+ Kg7 22. Ng5 Ng8 23. Nhxf7 Bxg5 24. Nxg5 Qe7 25. Ne6+ Kf7 26. Bg5 Nf6 27. Re3 Nc7 28. Bxf6 Qd7 29. Nxc7 Qxc7 30. Rf3 Kg8 31. Qd2 Rf8 32. Qg5 Qf7 33. h4 Rce8 34. Rf4 Bc8 35. h5 a4 36. e5 Rxe5 37. Bxe5 Qe8 38. Bxg6 hxg6 39. Rxf8+ Kxf8 40. Qf6+ Qf7 41. Qxd6+ Ke8 42. Re1 1-0